000 01226nam2a2200277 4500
001 RU\NLR\bibl\5265
005 20250615005359.0
010 _a5-88067-014-7
_bт. 2
_92000
021 _aRU
_b98-5022
_9240
035 _a(NLR Aleph) 000005123
090 _a14168
_c14168
100 _a19980824d1997 |||y0rusy50 ca
101 0 _arus
_deng
_dger
_dfre
102 _aRU
105 _a|||||||||||||
200 0 _aТ. 2
210 _d1997
_aБ. м.
215 _a382 с.
_cил., портр., факс.
300 _aРез. на англ., нем., фр. яз.
327 1 _aСодерж.: Разделы: Русская свадьба. Иртыш, превращающийся в Ипокрену. Разум просвещенный. Скрижали безвременья. Российский слог.
461 0 _1001RU\NLR\bibl\6122
_12001#$aАнтология Цеха Поэтов$vТ. 2
_917219
_cМ.
_d1997
_fСост. Юрий Малышев
_nМоск. писатель
_oРус. поэзия Урала XVIII-XX вв. : [В 3 т.
_tАнтология Цеха Поэтов
_y5-88067-016-3
_vТ. 2
801 0 _aRU
_bNLR
_c19980824
_gPSBO
801 1 _aRU
_bNLR
_c19980824
852 _aNLR
_j98-2/1195
942 _cBOOK
980 _aNB